01056cam a2200277 a 45000010009000000050017000090080041000260100017000670200043000840200040001270400018001670820016001851000040002012450076002412500012003172600048003293000035003774900057004125040051004696500031005206500028005516500038005797000022006178300058006398560081006971535144720170105102339.0080701s2009 nyua b 001 0 eng  a 2008029440 a9780195331455 (hardcover : alk. paper) a0195331451 (hardcover : alk. paper) aDLCcDLCdDLC00a621.3822221 aLathi, B. P.q(Bhagwandas Pannalal)10aModern digital and analog communication systems cB.P. Lathi, Zhi Ding. a4th ed. aNew York :bOxford University Press,c2009. axix, 1004 p. :bill. ;c27 cm.1 aOxford series in electrical and computer engineering aIncludes bibliographical references and index. 0aTelecommunication systems. 0aDigital communications. 0aStatistical communication theory.1 aDing, Zhi,d1962- 0aOxford series in electrical and computer engineering.413Table of contents onlyuhttp://www.loc.gov/catdir/toc/fy0903/2008029440.html